LEADER 01166nam0-2200361 --450 001 9910920145403321 005 20250109113747.0 100 $a20250109d kmuy0itay5050 ba 101 0 $ager 102 $aDE 105 $a 001yy 200 1 $a<>Methoden der Fermentforschung$funter Mitarbeit von Fachgenossen$gherausgegeben von Eugen Bamann und Karl Myrback 210 $aLeipzig$cG. Thieme 215 $av.$d27 cm. 610 0 $aFermentazione 676 $a660.28449$v23$zita 700 1$aBamann,$bEugen$01781521 701 1$aMyrback,$bKarl$0960873 801 0$aIT$bUNINA$gREICAT$2UNIMARC 901 $aBK 912 $a9910920145403321 952 $aA CHI 733-1$b10977/2024$fFAGBC 952 $aA CHI 733-2$b10978/2024$fFAGBC 952 $aA CHI 733-3$b10979/2024$fFAGBC 952 $aA CHI 733-4$b10980/2024$fFAGBC 952 $aA CHI 733-5$b10981/2024$fFAGBC 952 $aA CHI 733-6$b10982/2024$fFAGBC 952 $aA CHI 733-7$b10983/2024$fFAGBC 952 $aA CHI 733-8$b10984/2024$fFAGBC 952 $aA CHI 733-9$b10985/2024$fFAGBC 959 $aFAGBC 996 $aMethoden der Fermentforschung$94306351 997 $aUNINA